000
00314nam a2200133Ia 4500
005
20260328101517.0
008
260328s9999||||xx |||||||||||||| ||und||
100
_a
Deschamps, Paul
245
0
_a
Terre Sainte Romane /
_c
Paul Deschamps
260
_b
Zodiaque
300
_a
322 p.
650
_a
ROMÁNICO
942
_c
BK
999
_c
9415
_d
9415